000 01010nam a2200325 a 4500
001 000005221
003 DO-SdBNP
005 20231009120541.0
007 000005221
008 090818s2012 dr 000 f spa d
020 _a9789945068641
040 _aBPMSU
_bspa
_cBPMSU
082 4 _aRD863.44
_bV443v, 2012
_222
100 1 _aVeloz Maggiolo, Marcio,
_d1936-2021
245 1 3 _aLa vida no tiene nombre /
_cMarcio Veloz Maggiolo ; editor Isael Pérez
260 _aSanto Domingo :
_bSantuario,
_c2012
300 _a56 p. ;
_c21 cm.
500 _aIncluye datos biográficos del autor en la solapa de la cubierta
590 _aInventariado, 2023/VM
650 4 _aNovela histórica dominicana
650 4 _aLiteratura dominicana
700 1 _aPérez, Isael
_eed.
910 _aVMateo V./ Control de calidad BPMSU
930 1 _l
_m
_h
_8
_f
_p
_g
942 _2ddc
_cBK
956 _a
_b
_c
_l
_h
956 _a
_b
_c
_l
_h
956 _a
_b
_c
_l
_h
956 _aVMATEO
_b10
_c20150814
_lBPMSU
_h00151
999 _c8206
_d8206